Tareekh-e-Lahore (Record no. 330811)

000 -LEADER
fixed length control field 00565nam a22001937a 4500
003 - CONTROL NUMBER IDENTIFIER
control field NUST
005 - DATE AND TIME OF LATEST TRANSACTION
control field 20170809102048.0
008 - FIXED-LENGTH DATA ELEMENTS--GENERAL INFORMATION
fixed length control field 120828t xxu||||| |||| 00| 0 eng d
020 ## - INTERNATIONAL STANDARD BOOK NUMBER
International Standard Book Number 978-9609789783
020 ## - INTERNATIONAL STANDARD BOOK NUMBER
International Standard Book Number 9609789781
040 ## - CATALOGING SOURCE
Transcribing agency NUST
082 ## - DEWEY DECIMAL CLASSIFICATION NUMBER
Classification number 954.9143
Author Mark LAL
100 ## - MAIN ENTRY--PERSONAL NAME
Personal name Kanhaiya Lal
9 (RLIN) 666
245 ## - TITLE STATEMENT
Title Tareekh-e-Lahore
Statement of responsibility, etc. by Kanhaiya Lal
260 ## - PUBLICATION, DISTRIBUTION, ETC.
Place of publication, distribution, etc. Lahore
Name of publisher, distributor, etc. Sang-e mil publications,
Date of publication, distribution, etc. 2001
300 ## - PHYSICAL DESCRIPTION
Extent 470p
546 ## - LANGUAGE NOTE
Language note Urdu
563 ## - BINDING INFORMATION
Binding note Hbc
650 ## - SUBJECT ADDED ENTRY--TOPICAL TERM
Topical term or geographic name entry element Tareekh-e-Lahore
9 (RLIN) 667
880 ## - ALTERNATE GRAPHIC REPRESENTATION
Linkage 100-01\(3\r
Title کنہیا لال
880 ## - ALTERNATE GRAPHIC REPRESENTATION
Linkage 245-02\(3\r
Title تاریخ لاہور
c کنہیا لال
880 ## - ALTERNATE GRAPHIC REPRESENTATION
Linkage 260-03\(3\r
Title لاہور:
b سنگ میل پبلی کیشنز،
c 2011
942 ## - ADDED ENTRY ELEMENTS (KOHA)
Source of classification or shelving scheme
Koha item type Book
Holdings
Withdrawn status Lost status Source of classification or shelving scheme Damaged status Not for loan Collection code Permanent Location Current Location Shelving location Date acquired Total Checkouts Full call number Barcode Date last seen Date last checked out Copy number Price effective from Koha item type
            Central Library (CL) Central Library (CL) Book Cart 08/09/2017 1 954.9143 LAL CL2717 05/07/2025 08/29/2019 1 08/09/2017 Book
© 2023 Central Library, National University of Sciences and Technology. All Rights Reserved.